| 000 | 00460nam a22001817a 4500 | ||
|---|---|---|---|
| 003 | ASAB | ||
| 005 | 20180827062621.0 | ||
| 008 | 120504t xxu||||| |||| 00| 0 eng d | ||
| 020 | _a9788130913643 | ||
| 040 | _cASAB | ||
| 050 | _a573.21, GAR | ||
| 100 |
_aA. Gardner and T. Davies _91586 |
||
| 245 |
_aHuman Genetics _cA. Gardner and T. Davies |
||
| 260 |
_aNew Delhi _bViva Books |
||
| 300 | _a328 p. | ||
| 650 |
_aHuman Genetics _9222 |
||
| 942 |
_2lcc _cBK |
||
| 999 |
_c480026 _d480026 |
||